Modelovanie vzťahov pomocou regresnej analýzy

Salvato in:
Dettagli Bibliografici
Autore principale: Lülei, Tomáš (Autore)
Altri autori: Bou Ezzeddine, Anna (Relatore della tesi)
Natura: Manoscritto Libro
Lingua:slovacco
Pubblicazione: 2016
Soggetti:
Accesso online:http://is.stuba.sk/zp/portal_zp.pl?podrobnosti=97192
Tags: Aggiungi Tag
Nessun Tag, puoi essere il primo ad aggiungerne!!

MARC

LEADER 00000ntm a22000003a 4500
001 stuzp53544
003 SK-STU
005 20160719154514.6
007 ta
008 150427s2015----xo-----f-mn---000-0-slo-d
040 |a STU  |b slo 
041 0 |a slo 
100 1 |a Lülei, Tomáš  |u 070200  |4 aut  |U FIIT Fakulta informatiky a informačných technológií  |T FIIT Ústav informatiky, informačných systémov a softvérového inžinierstva  |X 52624  |U I200  |Y 179  |7 52624 
242 0 1 |a RELATIONSHIP MODELING USING REGRESSION ANALYSIS  |y eng 
245 1 0 |a Modelovanie vzťahov pomocou regresnej analýzy 
260 |c 2016 
650 4 |a Regresná analýza  |2 slo 
650 4 |a symbolická regresia  |2 slo 
650 4 |a genetický algoritmus  |2 slo 
650 4 |a symbolic regression  |2 eng 
650 4 |a genetic algorithm  |2 eng 
650 4 |a Regression analysis  |2 eng 
700 1 |a Bou Ezzeddine, Anna  |u 070200  |k Z1  |4 ths  |U FIIT Fakulta informatiky a informačných technológií  |T FIIT Ústav informatiky, informačných systémov a softvérového inžinierstva  |X 2127  |U I200  |Y 179  |7 2127 
856 4 |u http://is.stuba.sk/zp/portal_zp.pl?podrobnosti=97192 
996 |b 8083  |c I* BAP 64/2016  |l II680  |s P  |a 0  |w stuzp53544_0001 
SQL |a stuzp53544  |b DBP  |c SLO  |d Modelovanie vzťahov pomocou regresnej analýzy  |e 52624  |f Lülei, Tomáš  |g 070200  |h 2127  |i Bou Ezzeddine, Anna  |j 20160620  |k 202  |l 07  |m http://is.stuba.sk/zp/portal_zp.pl?podrobnosti=97192  |n B-INFO  |o 9.2.1. informatika